| 000 | 00382 a2200145 4500 | ||
|---|---|---|---|
| 005 | 20250414165236.0 | ||
| 020 | _a0-07-009318-0 | ||
| 082 | _a658.87 BUS | ||
| 100 | _aBUSKIRK, R. H. | ||
| 245 | _aRetailing | ||
| 260 |
_aNew York, _bMcGraw-Hill, _c1979. |
||
| 300 |
_axvi, 559p., ill., figure, table, _bIndex, glossary, _c24cm. |
||
| 700 | _aBUSKIRK, B. D. | ||
| 942 |
_2ddc _cBKS |
||
| 999 |
_c1415 _d1415 |
||